000 01327nam a2200277 i 4500
001 189166
003 SpMaBN
005 20250523142151.0
008 190412s2017 sp aco c |||| |dspa d
020 _a978-84-16978-24-3
080 _a821.134.2 Mendoza, Eduardo 7 La ciudad de los prodigios (083.824)
080 _a908(460.235.2)(0:77)(083.824)
245 0 0 _aEduardo Mendoza y la ciudad de los prodigios
_b: homenaje al Premio Cervantes /
_c[exposición organizada por el Ministerio de Educación, Cultura y Deporte, Universidad de Alcalá y Acción Cultural Española ; coordinación, Jesús Cañete Ochos ; textos, Félix de Azúa, Enric Bou, Llàtzer Moix].
260 _a[Alcalá de Henares] :
_bServicio de Publicaciones de la Universidad de Alcalá,
_c[2017]
300 _a185 p. :
_bil. col. y n., fot. ;
_c26 cm.
600 1 7 _aMendoza, Eduardo-
_vExposiciones.
_9166815
655 7 _2tgfbne
_9193628
_aCatálogos de exposiciones
700 1 _aMendoza, Eduardo,
_d1943-
_9240676
700 1 _aCañete Ochoa, Jesús,
_d1967-
_9157453
700 1 2 _aAzúa, Félix de,
_d1944-
_924368
700 1 _aBou, Enric.
_930815
710 2 _aUniversidad de Alcalá de Henares.
_97135
852 _aES-MaACL
_jA-14458
_9196304
_bR.152117
_cDEPO1
_dOlim: N-7458
942 _2udc
_cMONOGRAFIA
999 _c189166
_d189166